00726nam a2200229 a 450000100100000000500170001000800410002702000150006804000250008308200190010810000290012724000320015624500800018826000320026830000110030049000330031150000340034453400410037865000200041965000240043983000330046300000471620200929151505.0811009s1980 sp 000 f spa  a8474422124 aDO-SdBNPbspacBNPHU a843.914bG139g1 aGaillard, Robert,d1909-10aMarie Galante IIlEspañol10aLa gobernadora de las islas /cRobert Gaillard ; traducción, Lidia Porta. aBarcelona :bA.T.E.,c1980. c20 cm.1 aMaría de las Islasvvol. 4 aLa biblioteca posee el tomo 4 aTítulo original:tMarie Galante II 4aNovela francesa 4aLiteratura francesa 0aMaría de las Islasvvol. 4